| 000 | 00828 a2200229 4500 | ||
|---|---|---|---|
| 003 | OSt | ||
| 005 | 20230412110811.0 | ||
| 008 | 220719s2012 spaa||||r|||| 00| 0 spa d | ||
| 020 | _a9788428333191 | ||
| 040 | _cCHAP | ||
| 082 | 0 | 0 |
_a632.95 _bS71 _222 |
| 100 | 1 |
_aSoria Carreras, Santiago _9186339 |
|
| 245 | 1 | 0 |
_aAplicación de métodos de control fitosanitarios en plantas, suelo e instalaciones / _cpor Santiago Soria Carreras y Santiago Soria Ruiz-Ogarrio. |
| 264 |
_aEspaña : _bEdiciones Paraninfo, _c2012. |
||
| 300 |
_a146 páginas. _bfiguras. |
||
| 650 | 2 |
_9128517 _aPlagas agrícolas _xControl |
|
| 650 | 0 |
_aProductos fitosanitarios _vManual _9163848 |
|
| 650 | 2 |
_970011 _aMalas hierbas _xControl |
|
| 650 | 2 |
_9186341 _aPlaguicidas _yAplicación |
|
| 700 | 1 |
_9186340 _aSoria Ruiz-Ogarrio, Santiago |
|
| 942 |
_2ddc _cLIBRO |
||
| 999 |
_c217312 _d217312 |
||